| 000 | 01315cam a2200349 a 4500 | ||
|---|---|---|---|
| 001 | 16178790 | ||
| 003 | OSt | ||
| 005 | 20150408114152.0 | ||
| 008 | 100409s2010 nyua b 001 0 eng | ||
| 010 | _a 2010012222 | ||
| 015 |
_aGBB050177 _2bnb |
||
| 016 | 7 |
_a015530120 _2Uk |
|
| 020 | _a9781616682972 (softcover) | ||
| 020 | _a1616682973 (softcover) | ||
| 035 | _a(OCoLC)ocn535491589 | ||
| 040 |
_aDLC _cDLC _dYDX _dBTCTA _dYDXCP _dUKM _dDLC |
||
| 050 | 0 | 0 |
_aTP261.H9 _bB63 2010 |
| 082 | 0 | 0 |
_a665.8/1 _222 _bBYH |
| 100 | 1 |
_aBo, Yu, _d1975- _939960 |
|
| 245 | 1 | 0 |
_aHigh temperature electrolysis in large-scale hydrogen production / _cYu Bo and Xu Jingming. |
| 260 |
_aNew York : _bNova Science Publishers, _cc2010. |
||
| 300 |
_a79 p. : _bill. (some col.) ; _c23 cm. |
||
| 490 | 1 | _aEnergy science, engineering and technology | |
| 504 | _aIncludes bibliographical references and index. | ||
| 650 | 0 |
_aHydrogen as fuel. _939961 |
|
| 650 | 0 |
_aHigh temperature electrolysis. _939962 |
|
| 700 | 1 |
_aJingming, Xu, _d1945- _939963 |
|
| 830 | 0 |
_aEnergy science, engineering and technology series. _939964 |
|
| 906 |
_a7 _bcbc _corignew _d1 _eecip _f20 _gy-gencatlg |
||
| 942 |
_2ddc _cDVD |
||
| 999 |
_c32140 _d266640 |
||